Statistiques concernant Pilotes de F1 victorieux depuis 2014 (ère hybride)

Cliquez ici pour prendre le quiz!

Statistiques générales

  • Ce quiz a été pris 198 fois
    (10 depuis la dernière actualisation)
  • Le résultat moyen est 13 sur 15

Statistiques - réponses

VictoiresPilotesConstructeurs% Correct
103Lewis HamiltonMcLaren / Mercedes
100%
58Max VerstappenRed Bull
100%
53Sebastian VettelRed Bull / Ferrari / Toro Rosso
100%
3Carlos Sainz JrFerrari
90%
6Charles LeclercFerrari
90%
8Daniel RicciardoRed Bull / McLaren
90%
1Esteban OconAlpine
90%
1George RussellMercedes
90%
1Lando NorrisMcLaren
90%
1Pierre GaslyAlpha Tauri
90%
10Valtteri BottasMercedes
90%
32Fernando AlonsoRenault / Ferrari / McLaren
80%
23Nico RosbergMercedes
80%
6Sergio PerezRed Bull / Racing Point
80%
21Kimi RaikkonenFerrari / McLaren / Lotus
70%

Distribution des résultats

Percentile par nombre de réponses

% des personnes avec chaque résultat

Votre développement - résultats

Vous n’avez pas pris ce quiz depuis la dernière actualisation